00214pam a2200097 a 4500020000500000041000800005100001800013245004300031260003200074300001000106 c aeng aGtegory. J.S. aLand Of The SovietshTextual Documents aNew YorkbPenguin Books Ltd a284p.